| 000 | 00501nam a22001817a 4500 | ||
|---|---|---|---|
| 005 | 20240307181242.0 | ||
| 008 | 240307b |||||||| |||| 00| 0 eng d | ||
| 020 | _a9780071817721 | ||
| 082 |
_a628.895 _bMON-3 |
||
| 100 | _aMonk, Simon | ||
| 245 |
_a30 arduino projects for the evil genius / _cSimon Monk |
||
| 250 | _a2nd ed. | ||
| 260 |
_aindia: _bElsevier; _c2013. |
||
| 300 |
_axvii, 204 p. : _bill, _c24 cm. |
||
| 500 | _ainclude index. | ||
| 650 | _acomputer science/programming | ||
| 999 |
_c35288 _d35288 |
||